| 000 | 00358nam a2200157Ia 4500 | ||
|---|---|---|---|
| 003 | OSt | ||
| 005 | 20240217121558.0 | ||
| 008 | 170524s9999 xx 000 0 und d | ||
| 020 | _a 9789339221393 | ||
| 040 | _cIIMT UNIVERSITY MEERUT | ||
| 100 | _aDhawan Prem | ||
| 245 | 0 | _aOrganic Chemistry | |
| 260 | _bTMH New Delhi | ||
| 260 | _c2008 | ||
| 942 |
_2ddc _c02 |
||
| 999 |
_c4677 _d4677 |
||